Էլեկտրաքիմիա : (Record no. 542016)
[ view plain ]
| 000 -LEADER | |
|---|---|
| fixed length control field | 01129nam a2200217 a 4500 |
| 003 - CONTROL NUMBER IDENTIFIER | |
| control field | AM-YEHGA |
| 005 - DATE AND TIME OF LATEST TRANSACTION | |
| control field | 20260403152026.0 |
| 008 - FIXED-LENGTH DATA ELEMENTS--GENERAL INFORMATION | |
| fixed length control field | 260320s2025 ai |||||||||||00||0|arm|d |
| 020 ## - INTERNATIONAL STANDARD BOOK NUMBER | |
| International Standard Book Number | 978-9939-79-328-3 |
| 040 ## - CATALOGING SOURCE | |
| Original cataloging agency | AM-YEHGA |
| 041 0# - LANGUAGE CODE | |
| Language code of text/sound track or separate title | arm |
| 001 - CONTROL NUMBER | |
| control field | 2055158 |
| 100 1# - MAIN ENTRY--PERSONAL NAME | |
| Personal name | Քոչարյան, Հասմիկ Նորիկի |
| 245 10 - TITLE STATEMENT | |
| Title | Էլեկտրաքիմիա : |
| Remainder of title | Ուսումնական ձեռնարկ (քոլեջի համար) / |
| Statement of responsibility, etc. | Հ.Ն. Քոչարյան, Ն.Ռ. Հովհաննիսյան ; ՀՀ կրթության, գիտության, մշակույթի և սպորտի նախարարություն, Հայաստանի ազգային պոլիտեխնիկական համալսարան. |
| 260 ## - PUBLICATION, DISTRIBUTION, ETC. | |
| Place of publication, distribution, etc. | Երևան : |
| Name of publisher, distributor, etc. | Ճարտարագետ, |
| Date of publication, distribution, etc. | 2025. |
| 300 ## - PHYSICAL DESCRIPTION | |
| Extent | 99 էջ : |
| Other physical details | գծանկ. |
| 650 14 - SUBJECT ADDED ENTRY--TOPICAL TERM | |
| Topical term or geographic name entry element | Էլեկտրաքիմիա |
| 9 (RLIN) | 5348 |
| 700 1# - ADDED ENTRY--PERSONAL NAME | |
| Personal name | Հովհաննիսյան, Նելլի Ռեմիկի |
| 710 2# - ADDED ENTRY--CORPORATE NAME | |
| Corporate name or jurisdiction name as entry element | ՀՀ կրթության, գիտության, մշակույթի և սպորտի նախարարություն |
| Subordinate unit | Հայաստանի ազգային պոլիտեխնիկական համալսարան |
| 942 ## - ADDED ENTRY ELEMENTS (KOHA) | |
| Source of classification or shelving scheme | Universal Decimal Classification |
| Koha item type | Գրքեր / Books |
| Withdrawn status | Lost status | Source of classification or shelving scheme | Damaged status | Not for loan | Collection | Home library | Current library | Date acquired | Total checkouts | Full call number | Barcode | Date last seen | Price effective from | Koha item type | Public note |
|---|---|---|---|---|---|---|---|---|---|---|---|---|---|---|---|
| Universal Decimal Classification | General | Fundamental Scientific Library | Fundamental Scientific Library | 20/03/2026 | AII/114424 | FL0704425 | 20/03/2026 | 20/03/2026 | Գրքեր / Books | 30 Days Loan | |||||
| Universal Decimal Classification | General | Fundamental Scientific Library | Fundamental Scientific Library | 20/03/2026 | AII/114425 | FL0704424 | 20/03/2026 | 20/03/2026 | Գրքեր / Books | 30 Days Loan |
ՀՀ Գիտությունների ազգային ակադեմիայի հիմնարար գիտական գրադարան = Fundamental Scientific Library of NAS RA
All site content, except where otherwise noted, is licensed under a